Premiers ministres japonais - Statistiques

Statistiques générales
  • Ce quiz a été pris 5 fois
  • Le résultat moyen est 29 sur 104
Statistiques - réponses
Début de mandat Fin de mandat Réponse % Correct
90 26 septembre 2006 26 septembre 2007 Shinzō Abe
100%
96 26 décembre 2012 24 décembre 2014 Shinzō Abe
100%
97 24 décembre 2014 1 novembre 2017 Shinzō Abe
100%
98 1 novembre 2017 16 septembre 2020 Shinzō Abe
100%
100 4 octobre 2021 10 novembre 2021 Fumio Kishida
80%
101 10 novembre 2021 1 octobre 2024 Fumio Kishida
80%
56 25 février 1957 12 juin 1958 Nobusuke Kishi
80%
57 12 juin 1958 19 juillet 1960 Nobusuke Kishi
80%
36 30 aout 1939 16 janvier 1940 Nobuyuki Abe
80%
104 21 octobre 2025 en cours Sanae Takaichi
80%
102 1 octobre 2024 11 novembre 2024 Shigeru Ishiba
80%
103 11 novembre 2024 21 octobre 2025 Shigeru Ishiba
80%
99 16 septembre 2020 4 octobre 2021 Yoshihide Suga
80%
89 21 septembre 2005 26 septembre 2006 Junichirō Koizumi
60%
45 22 mai 1946 24 mai 1947 Shigeru Yoshida
60%
48 15 octobre 1948 16 février 1949 Shigeru Yoshida
60%
49 16 février 1949 30 octobre 1952 Shigeru Yoshida
60%
50 30 octobre 1952 21 mai 1953 Shigeru Yoshida
60%
51 21 mai 1953 10 décembre 1954 Shigeru Yoshida
60%
85 5 avril 2000 4 juillet 2000 Yoshirō Mori
60%
86 4 juillet 2000 26 avril 2001 Yoshirō Mori
60%
34 4 juin 1837 5 janvier 1939 Fumimaro Kinoe
40%
39 18 juillet 1941 18 octobre 1941 Fumimaro Kinoe
40%
58 19 juillet 1960 8 décembre 1960 Hayato Ikeda
40%
59 8 décembre 1960 9 décembre 1963 Hayato Ikeda
40%
60 9 décembre 1963 9 novembre 1964 Hayato Ikeda
40%
40 18 octobre 1941 22 juillet 1944 Hideki Tōjō
40%
52 10 décembre 1954 19 mars 1955 Ichirō Hatoyama
40%
53 19 mars 1955 22 novembre 1955 Ichirō Hatoyama
40%
54 22 novembre 1955 23 décembre 1956 Ichirō Hatoyama
40%
87 26 avril 2001 19 novembre 2003 Junichirō Koizumi
40%
88 19 novembre 2003 21 septembre 2005 Junichirō Koizumi
40%
79 9 aout 1993 28 avril 1994 Morihiro Hisokawa
40%
67 24 décembre 1976 7 décembre 1978 Takao Fukuda
40%
92 24 septembre 2008 16 septembre 2009 Tarō Asō
40%
71 27 novembre 1982 27 décembre 1983 Yasuhiro Nakasone
40%
72 27 décembre 1983 22 juillet 1986 Yasuhiro Nakasone
40%
73 22 juillet 1986 6 novembre 1987 Yasuhiro Nakasone
40%
91 26 septembre 2007 24 septembre 2008 Yasuo Fukuda
40%
95 2 septembre 2011 26 décembre 2012 Yoshihiko Noda
40%
93 16 septembre 2009 8 juin 2010 Yukio Hatoyama
40%
61 9 novembre 1964 17 février 1967 Eisaku Satō
20%
62 17 février 1967 14 janvier 1970 Eisaku Satō
20%
63 14 janvier 1970 7 juillet 1972 Eisaku Satō
20%
47 10 mars 1948 15 octobre 1948 Hitoshi Ashida
20%
29 13 décembre 1931 15 mai 1932 Inukai Tsuyoshi
20%
64 7 juillet 1972 22 décembre 1972 Kakuei Tanaka
20%
65 22 décembre 1972 9 décembre 1974 Kakuei Tanaka
20%
42 7 avril 1945 17 aout 1945 Kantarō Suzuki
20%
11 2 juin 1901 7 janvier 1906 Katsura Tarō
20%
13 14 juillet 1908 30 aout 1911 Katsura Tarō
20%
15 21 décembre 1912 20 février 1913 Katsura Tarō
20%
31 8 juillet 1934 9 mars 1936 Keisuke Okada
20%
68 7 décembre 1978 9 novembre 1979 Masayoshi Ōhira
20%
69 9 novembre 1979 12 juin 1980 Masayoshi Ōhira
20%
4 6 mai 1891 8 aout 1892 Matsukata Masayoshi
20%
6 18 septembre 1896 12 janvier 1898 Matsukata Masayoshi
20%
94 8 juin 2010 2 septembre 2011 Naoto Kan
20%
74 6 novembre 1987 3 juin 1989 Noboru Takeshita
20%
82 11 janvier 1996 7 novembre 1996 Ryūtarō Hashimoto
20%
83 7 novembre 1996 30 juillet 1998 Ryūtarō Hashimoto
20%
75 3 juin 1989 10 aout 1989 Sōsuke Uno
20%
66 9 décembre 1974 24 décembre 1976 Takao Miki
20%
26 20 avril 1927 2 juillet 1929 Tanaka Giichi
20%
55 23 décembre 1956 25 février 1957 Tanzan Ishibashi
20%
46 24 mai 1947 10 mars 1948 Tetsu Katayama
20%
81 30 juin 1994 11 janvier 1996 Tomiichi Murayama
20%
70 17 juillet 1980 27 novembre 1982 Zenkō Suzuki
20%
38 22 juillet 1940 18 juillet 1941 Fumimaro Kinoe
0%
19 29 septembre 1918 4 novembre 1921 Hara Takashi
0%
35 5 janvier 1939 30 aout 1939 Hiranuma Kiichirō
0%
1 22 décembre 1885 30 avril 1888 Itō Hirobumi
0%
5 8 aout 1892 18 septembre 1896 Itō Hirobumi
0%
7 12 janvier 1898 30 juin 1898 Itō Hirobumi
0%
10 19 octobre 1900 2 juin 1901 Itō Hirobumi
0%
24 11 juin 1924 28 janvier 1926 Katō Takaaki
0%
21 12 juin 1922 25 aout 1923 Katō Tomosaburō
0%
84 30 juillet 1998 5 avril 2000 Keizō Obuchi
0%
78 5 novembre 1991 9 aout 1993 Kiichi Miyazawa
0%
44 9 octobre 1945 22 mai 1946 Kijūrō Shidehara
0%
23 7 janvier 1924 11 juin 1924 Kiyoura Keigo
0%
32 9 mars 1936 2 février 1937 Kōki Hirota
0%
41 22 juillet 1944 7 avril 1945 Kuniaki Koiso
0%
2 30 avril 1888 24 décembre 1889 Kuroda Kiyotaka
0%
37 16 janvier 1940 22 juillet 1940 Mitsumasa Yonai
0%
43 17 aout 1945 9 octobre 1945 Naruhikoō Higashikuninomiya
0%
8 30 juin 1898 8 novembre 1898 Ōkuma Shigenobu
0%
17 16 avril 1914 9 octobre 1916 Ōkuma Shigenobu
0%
27 2 juillet 1929 14 avril 1931 Osachi Hamaguchi
0%
12 7 janvier 1906 14 juillet 1908 Saionji Kinmochi
0%
14 30 aout 1911 21 décembre 1912 Saionji Kinmochi
0%
30 26 mai 1932 8 juillet 1934 Saitō Makoto
0%
33 2 février 1937 4 juin 1837 Senjūrō Hayashi
0%
20 13 novembre 1921 12 juin 1922 Takahashi Korekiyo
0%
18 9 octobre 1916 29 septembre 1918 Terauchi Masatake
0%
76 10 aout 1989 28 février 1990 Toshiki Kaifu
0%
77 28 février 1990 5 novembre 1991 Toshiki Kaifu
0%
80 28 avril 1994 30 juin 1994 Tsutomu Hata
0%
25 30 janvier 1926 20 avril 1927 Wakatsuki Reijirō
0%
28 14 avril 1931 13 décembre 1931 Wakatsuki Reijirō
0%
3 24 décembre 1889 6 mai 1891 Yamagata Aritomo
0%
9 8 novembre 1898 19 octobre 1900 Yamagata Aritomo
0%
16 20 février 1913 16 avril 1914 Yamamoto Gonbei
0%
22 2 septembre 1923 7 janvier 1924 Yamamoto Gonbei
0%
Aucun quiz correspondant
Distribution des résultats
% des personnes avec chaque résultat
Percentile par nombre de réponses
Votre historique - résultats
Vous n’avez pas pris ce quiz